000 00845nam a2200217 a 4500
008 081021s1997 ||||||||||||||||| || u
020 _a0821340719
050 _aIBRD(08)TP/392
100 _aFelker, Greg
245 1 4 _aThe pharmaceutical industry in India and Hungary: policies, institutions, and technological development
_cby Greg Felker [and others]
260 _aWashington, D.C.:
_bWorld Bank
_c1997
300 _av, 46p.: ill.
350 _a0.00
490 _aWORLD BANK TECHNICAL PAPER
500 _aTechnical Paper No. 392
650 _aPHARMACEUTICAL INDUSTRY--HUNGARY
650 _aPHARMACEUTICAL INDUSTRY--INDIA
650 0 _aPHARMACY
710 _aWorld Bank
995 _D0.00
_FCBU-MAIN LIBRARY (Kitwe)
_H1
_I0.00
_M392
_UAVAILABLE
_WOct 21, 2008
_ZInternational Publications
999 _c53470
_d53470